02171nam0a22003371 4500001003100000005001700031035002600048100004100074101003300115102000700148105001800155200045200173210001400625215002700639300007200666300005100738300008700789300029300876320003001169510010001199510015201299606009101451606011201542686001901654686002001673700002301693712005601716801002201772801001801794852002101812RU\NLR\INFOCOMM_195\500003506020250613091722.0 a(NLR Aleph) 009127007 a20090506d1970 |||y0rusy50 ca0 aengdfredrusifreiengirus aRU aa ||||000|y1 aProblems of automation and remote control of complex plants in gas transmission networksdПроблемы автоматизации и дистанционного управления газотранспортных системdProblèmes d'automatisation et de télécommande dans des réseaux de transport du gazfU. W. Binder (Federal Republic of Germany)g11th International gas conference, [Moscow, 9th to 13th June, 1970]zfrezrus aМ.d1970 a64 с.cил.d20 см aПоясн. текст на англ., франц. и рус. яз. aРезюме на франц. и рус. яз. aЗагл. и надзаголовок также на франц. и рус. яз. aЗагл. на франц. яз.: Problèmes d'automatisation et de télécommande dans des réseaux de transport du gaz; на рус. яз.: Проблемы автоматизации и дистанционного управления газотранспортных систем aБиблиогр.: с. 461 aProblèmes d'automatisation et de télécommande dans des réseaux de transport du gazzfre1 aПроблемы автоматизации и дистанционного управления газотранспортных системzrus aГазопроводы магистральныеxАвтоматизация2nlr_sh1 aГазопроводы магистральныеxДистанционное управление2nlr_sh1 aО76-052rubbk aТ29-4642rubbk 1aBinderbU. W.407012aInternational gas conferenced11eMoscowf19704000 1aRUbNLRc20090506 0aRUbNLRgPSBO aNLRjТ87 Д-4/7